000
00323 a2200157 4500
001
174188
020
_a
040
_c
Magnum
100
_a
Albergaria, Lino de
240
1
0
_a
O gnomo da pousada
_l
por
245
1
0
_a
O gnomo da pousada
362
0
_a
1899
440
1
_a
LĂȘ
697
_a
IJ/FADAS, FANTASIA
942
_c
BK
999
_c
174188
_d
174188